| 000 | 00780nam a2200193Ia 4500 | ||
|---|---|---|---|
| 003 | GCL | ||
| 008 | 140319s9999 xx 000 0 ara d | ||
| 040 |
_aGCL / _cGCL |
||
| 082 | 0 | 4 |
_a327 _bم ت |
| 100 | 1 | _aمحسن احمد الخضيرى | |
| 245 | 1 | 0 |
_aالتفاوض: علم تحقيق المستحيل انطلاقا من الممكن فى السياسة -الاقتصاد -التجارة -الحروب -العمل -الاسرة -الحياة / _cمحسن احمد الخضيرى |
| 260 |
_a[S.N] : _bمكتبة الانجلوالمصرية ، _c1988 |
||
| 300 | _aمتعدد | ||
| 490 | _a | ||
| 650 | 0 | 4 | _aالسياسة الدولية |
| 650 | 0 | 4 | _aالعلاقات الاقتصادية الدولية |
| 650 | 0 | 4 | _aالتجارة الخارجية |
| 942 |
_2ddc _cBK |
||
| 999 |
_c33307 _d33307 |
||